On Yoga 1: The synthesis of Yoga (Record no. 80430)

MARC details
000 -LEADER
fixed length control field 00369nam a2200145Ia 4500
008 - FIXED-LENGTH DATA ELEMENTS--GENERAL INFORMATION
fixed length control field 230917s9999||||xx |||||||||||||| ||und||
040 ## - CATALOGING SOURCE
-- 194213
Original cataloging agency VIVEKANANDA LIBRARY
041 ## - Language
-- English
082 ## - DDC NUMBER
Classification number 294.1 A68O
100 ## - MAIN ENTRY--PERSONAL NAME
Personal name Aurobindo, Sri
245 #0 - TITLE STATEMENT
Title On Yoga 1: The synthesis of Yoga
260 ## - PUBLICATION, DISTRIBUTION, ETC. (IMPRINT)
Place of publication, distribution, etc 1956
Name of publisher, distributor, etc Pondicherry
Date of publication, distribution, etc Sri Aurobindo Ashram
300 ## - PHYSICAL DESCRIPTION
Pages v, 671 p.
942 ## - ADDED ENTRY ELEMENTS (KOHA)
Koha item type Books
Holdings
Withdrawn status Lost status Damaged status Not for loan Location (home branch) Sublocation or collection (holding branch) Date acquired Koha issues (times borrowed) Koha full call number Accession No. Koha date last seen Koha item type
        VIVEKANANDA LIBRARY VIVEKANANDA LIBRARY 25/11/2011   294.1 A68O 156990 17/09/2023 Books
© Designed and Maintained by Vivekananda Library, MDU Rohtak